000 00710nam a22002172 4500
001 0000008552
005 20151217152036.0
008 080423s xx 000 0 eng d
020 _a8176481521 (set) :
_cKES 11350 (3 vols)
040 _aKABU
_cKABU
245 1 0 _aEducation for all :
_bachieving the goal /
_cedited by Digumarti Bhaskara Rao.
260 _aNew Delhi :
_bAPH,
_c2007.
300 _a3 vols.
650 0 _aEducation.
_@0000151814
700 1 _aRao, Digumarti Bhaskara.
_@0000159190
908 _a080423
950 _@1
999 _c7630
_d7630